Crítica a la concepción de los modelos de atención en salud en Panamá /
Збережено в:
| Автор: | |
|---|---|
| Формат: | Текст |
| Предмети: | |
| Теги: |
Додати тег
Немає тегів, Будьте першим, хто поставить тег для цього запису!
|
MARC
| LEADER | 00000 a a2200000 04500 | ||
|---|---|---|---|
| 001 | 18443 | ||
| 003 | |||
| 040 | |||
| 100 | |a Díaz Mérida, Francisco | ||
| 245 | |a Crítica a la concepción de los modelos de atención en salud en Panamá / |c Francisco Díaz Mérida | ||
| 650 | |a SERVICIOS DE SALUD | ||
| 650 | |a SISTEMA DE SALUD | ||
| 650 | |a SALUD PUBLICA | ||
| 650 | |a GLOBALIZACION | ||
| 650 | |a NEOLIBERALISMO | ||
| 650 | |a PANAMA | ||
| 773 | |g número 130; páginas 5-38 | ||
| 999 | |c 35414 |d 35414 | ||
